00223nam a22001217a 4500040000700000082000800007100000700015245003100022260001600053300001000069942000700079999001500086 cSK a333 aNA aTropical forestry handbook aNAbNA cNA a162p. cEK c9425d9425